| 000 | 01049nam a2200253Ia 4500 | ||
|---|---|---|---|
| 003 | OSt | ||
| 005 | 20200929132425.0 | ||
| 008 | 191128s2006 ck ao gr 000 0 spa d | ||
| 020 | _a9789587061082 | ||
| 040 |
_aCO-JMCR _cCO-JMCR |
||
| 041 | 0 | _aspa | |
| 082 | 0 | 4 |
_a613.2 / _bN976n _223 |
| 245 | 0 | 0 | _aNutrición y vida / |
| 260 |
_aBogotá : _bCasa Editorial El tiempo : Periódico Hoy, _c2006. |
||
| 300 |
_a367 páginas : _bfotografía a color ; _c30 cm. |
||
| 505 | 0 | _aNutrición y salud -- El día a día -- Prácticas adecuadas -- Problemas comunes -- La hora del especialista | |
| 520 | _aUn poderoso aliado en la protección de la salud de la familia y su calidad de vida. Desarrollada especialmente para la familia colombiana de hoy, nutrición y vida es una guía esencial que resuelve de manera clara, práctica y económica todas sus dudas. | ||
| 546 | _aspa | ||
| 650 | 2 | 4 |
_aNutrición _910961 |
| 650 | 2 | 4 |
_aNutrición infantil _910964 |
| 650 | 2 | 4 |
_aNutrición de ancianos _910965 |
| 650 | 2 | 4 |
_aMetabolismo _910966 |
| 942 |
_2ddc _cBK |
||
| 999 |
_c4451 _d4451 |
||